'W' Entertainment Images Quiz Stats

 Plays Quiz Updated Apr 20, 2018

Challenge
Share
Tweet
Score 0/25 Timer 04:00
1 Play Today
% Correct
Warner Bros.
95%
Winnie-the-Pooh
94.5%
Windows
94%
WALL-E
92.4%
Wikipedia
92.2%
Wilma Flintstone
90.2%
Wendy's
89.7%
Wheel of Fortune
89.3%
Wile E. Coyote
82.6%
Who Framed Roger Rabbit
79.6%
The West Wing
78.8%
Where the Wild Things Are
77.2%
'Weird Al' Yankovic
74.8%
% Correct
Walk the Line
73.8%
Walker, Texas Ranger
72.5%
Walmart
67%
The White Rabbit
65.4%
When Harry Met Sally
63.9%
Wham!
62.2%
The Walking Dead
60.4%
What's Eating Gilbert Grape
59.1%
The White Stripes
56.7%
Who's the Boss?
53.9%
Weezer
48.8%
Whitesnake
41.3%

You're not logged in!

Compare scores with friends on all Sporcle quizzes.
Join for Free
OR
Log In

You Might Also Like...

Show Comments

Extras

Top Quizzes Today


Score Distribution

Your Account Isn't Verified!

In order to create a playlist on Sporcle, you need to verify the email address you used during registration. Go to your Sporcle Settings to finish the process.

Report this User

Report this user for behavior that violates our Community Guidelines.

Details: